| 000 | 00576nam a2200253Ia 4500 | ||
|---|---|---|---|
| 008 | 210210b1952 xxu||||| |||| 00| 0 eng d | ||
| 041 | _aeng | ||
| 082 | _a532/86 | ||
| 100 | _aSEARS (Francis Weston) | ||
| 245 | _aCollege physics: mechanics heat and sound Ed 2 | ||
| 250 | _a | ||
| 260 |
_aMassachusetts _bAddison-Wesley _c1952 |
||
| 300 | _a485 | ||
| 650 | _asound | ||
| 650 | _aphysics: | ||
| 650 | _amechanics | ||
| 650 | _aheat | ||
| 650 | _aEd | ||
| 650 | _aCollege | ||
| 650 | _a2 | ||
| 690 | _aHeat | ||
| 700 | _aZEMANSKY (Mark W) | ||
| 906 | _a008451 | ||
| 999 |
_c126387 _d126387 |
||